| 000 | 00529nam a2200217Ia 4500 | ||
|---|---|---|---|
| 005 | 20260220063857.0 | ||
| 008 | 008 250917s9999 xx 000 0 eng d | ||
| 020 | _a978-1-032-04565-8 | ||
| 037 | _cDSWL | ||
| 040 |
_aDSWL _beng _cDSWL |
||
| 041 |
_aeng _2eng |
||
| 084 | _qDSWL | ||
| 100 |
_aGermov, J _91116366 |
||
| 245 | 0 | _aPublic sociology | |
| 260 |
_aoxon _bRoutledge _c2023 |
||
| 300 | _axvix,588p. | ||
| 365 |
_aGBP _b39.99 |
||
| 700 |
_aM Poole _91116367 |
||
| 942 |
_cTEXL _2CC |
||
| 999 |
_c1463804 _d1463804 |
||